Operating research (Record no. 507)

MARC details
000 -LEADER
Fixed length control field 00443nam a2200181 4500
003 - CONTROL NUMBER IDENTIFIER
Control field SEACOMMC
005 - DATE AND TIME OF LATEST TRANSACTION
Control field 20231120072429.0
008 - FIXED-LENGTH DATA ELEMENTS--GENERAL INFORMATION
Fixed length control field 231120b |||||||| |||| 00| 0 eng d
020 ## - INTERNATIONAL STANDARD BOOK NUMBER / ISBN
Price Rs.150.00
040 ## - CATALOGING SOURCE
Original cataloging agency SEACOMMC
082 1# - DEWEY DECIMAL CLASSIFICATION NUMBER
Classification number 003.1
Book Number K14
100 1# - MAIN ENTRY--PERSONAL NAME
Personal name Kalavathy, S.
245 1# - TITLE STATEMENT
Title Operating research
Statement of responsibility S. Kalavathy
250 1# - EDITION STATEMENT
Edition statement 2 nd ed.
260 1# - IMPRINT
Place of publication New Delhi
Name of publisher Vikas Publication
650 ## - SUBJECT ADDED ENTRY--TOPICAL TERM
Topical term Computer science,Systems
942 ## - ADDED ENTRY ELEMENTS (KOHA)
Koha item type Books
Holdings
Withdrawn status Lost status Source of classification Damaged status Not for loan Home library Current library Date acquired Total Checkouts Call number Accession number Date last seen Copy number Price effective from Koha item type
    Dewey Decimal Classification     SEACOM MANAGEMENT COLLEGE SEACOM MANAGEMENT COLLEGE 01/06/2006   003.1 K14 00303 20/11/2023 10 20/11/2023 Books
    Dewey Decimal Classification     SEACOM MANAGEMENT COLLEGE SEACOM MANAGEMENT COLLEGE 01/06/2006   003.1 K14 00304 20/11/2023 11 20/11/2023 Books
    Dewey Decimal Classification     SEACOM MANAGEMENT COLLEGE SEACOM MANAGEMENT COLLEGE 01/06/2006   003.1 K14 00305 20/11/2023 12 20/11/2023 Books
    Dewey Decimal Classification     SEACOM MANAGEMENT COLLEGE SEACOM MANAGEMENT COLLEGE 01/06/2006   003.1 K14 00306 20/11/2023 13 20/11/2023 Books
    Dewey Decimal Classification     SEACOM MANAGEMENT COLLEGE SEACOM MANAGEMENT COLLEGE 01/06/2006   003.1 K14 00307 20/11/2023 14 20/11/2023 Books
    Dewey Decimal Classification     SEACOM MANAGEMENT COLLEGE SEACOM MANAGEMENT COLLEGE 01/06/2006   003.1 K14 00308 20/11/2023 15 20/11/2023 Books
    Dewey Decimal Classification     SEACOM MANAGEMENT COLLEGE SEACOM MANAGEMENT COLLEGE 01/06/2006   003.1 K14 00309 20/11/2023 16 20/11/2023 Books
    Dewey Decimal Classification     SEACOM MANAGEMENT COLLEGE SEACOM MANAGEMENT COLLEGE 01/06/2006   003.1 K14 00310 20/11/2023 17 20/11/2023 Books
    Dewey Decimal Classification     SEACOM MANAGEMENT COLLEGE SEACOM MANAGEMENT COLLEGE 01/06/2006   003.1 K14 00311 20/11/2023 18 20/11/2023 Books
    Dewey Decimal Classification     SEACOM MANAGEMENT COLLEGE SEACOM MANAGEMENT COLLEGE 01/06/2006   003.1 K14 00312 20/11/2023 19 20/11/2023 Books
© Seacom Engineering College, All rights reserved.    Powered by Koha